| 000 | 00707nam a2200181Ia 4500 | ||
|---|---|---|---|
| 008 | 151018s9999 xx 000 0 und d | ||
| 082 |
_bRBASDV27092 _a891.433 |
||
| 100 | _aयादवेंद्र शर्माचंद्र | ||
| 245 | _aसंन्यासी और सुंदरी | ||
| 250 | _b1 | ||
| 260 |
_bहिंदी पोकेट बुक्स _c1984 |
||
| 300 | _a144 | ||
| 600 | _aयादवेंद्र शर्माचंद्र | ||
| 630 | _aसंन्यासी और सुंदरी | ||
| 700 | _aयादवेंद्र शर्माचंद्र | ||
| 730 | _aसंन्यासी और सुंदरी | ||
| 942 | _cBOOK | ||
| 999 |
_c1026687 _d1026684 |
||